Climate confusion: how global warming hysteria leads to bad science, pandering politicians, and misguided policies that hurt the poor
Guardat en:
| Autor principal: | |
|---|---|
| Format: | Llibre |
| Idioma: | anglès |
| Publicat: |
Nueva York
Encounter Books
2008
|
| Edició: | 1a. ed |
| Matèries: | |
| Etiquetes: |
Afegir etiqueta
Sense etiquetes, Sigues el primer a etiquetar aquest registre!
|
MARC
| LEADER | 00000nam a2200000 a 4500 | ||
|---|---|---|---|
| 001 | UCG4798 | ||
| 003 | CL-VaPUC | ||
| 008 | 101202e20080000US |||||||||||||||||eng|d | ||
| 020 | |a 9781594032103 | ||
| 082 | 0 | 4 | |a 551.5253 |b SPE |2 21 |
| 100 | 0 | |a Spencer, Roy W |e author |9 554261 | |
| 245 | 1 | 0 | |a Climate confusion: how global warming hysteria leads to bad science, pandering politicians, and misguided policies that hurt the poor |
| 250 | |a 1a. ed | ||
| 300 | |a 191 p | ||
| 942 | |c BK | ||
| 945 | |d 20101202 00:00:00 |a cmena | ||
| 260 | |a Nueva York |b Encounter Books |c 2008 | ||
| 650 | 0 | |a Calentamiento global |9 262148 | |
| 650 | 7 | |a TEMPERATURA |2 CL-VaPUC |9 554262 | |
| 650 | 0 | |a Cambio climático |9 428490 | |
| 650 | 7 | |a SUPERFICIE TERRESTRE |2 CL-VaPUC |9 262301 | |
| 650 | 0 | |a Medio ambiente |9 257625 | |
| 583 | |a last modification |c 20101202 00:00:00 |k Rodrigo Vera | ||
| 999 | |c 343432 |d 343430 | ||
| 952 | |0 0 |1 0 |4 0 |6 551_525300000000000_SPE_2008 |7 0 |8 A |9 440733 |a BIBAGR |b BIBAGR |d 2019-11-22 |i 474182K |o 551.5253 SPE 2008 |p 474182K |r 2025-01-20 |w 2019-11-22 |y BK |k AGR | ||